=LDR 00000nam 2200000 4500 =001 INLIS000000000038990 =005 20130612144639 =008 ***********************************ind** =035 ##$$0010-061300000038990 =041 ##$$a ind =082 ##$$a 813 =090 ##$$a 813, Fro h.1 =100 ##$$a FROST, Jeaniene =245 ##$$a Halfway to the grave/Jeaniene frost;Penyunting, Jantje =260 ##$$a 2011 $b Jakarta =300 ##$$a 492 Hlm, 18 cm =650 ##$$a FIKSI =700 ##$$a JANTJE =850 ##$$a NBPNMAT =990 ##$$a 92617/BPAP-NTB/2014 =990 ##$$a 0001/BPAP-NTB/20142015 =990 ##$$a 0001/BPAP-NTB/2015